| 000 | 01925nam a2200457 a 4500 | ||
|---|---|---|---|
| 001 | ebr10557861 | ||
| 003 | CaPaEBR | ||
| 006 | m u | ||
| 007 | cr cn||||||||| | ||
| 008 | 110912s2012 vaub sb 001 0aeng d | ||
| 010 | _z 2011036683 | ||
| 020 | _z9780813932385 (cloth : alk. paper) | ||
| 020 | _z0813932386 (cloth : alk. paper) | ||
| 020 | _z9780813932408 (e-book) | ||
| 040 |
_aCaPaEBR _cCaPaEBR |
||
| 035 | _a(OCoLC)794167474 | ||
| 043 |
_an-us--- _an-cn--- |
||
| 050 | 1 | 4 |
_aE450 _b.G65 2012eb |
| 082 | 0 | 4 |
_a306.3/62092 _aB _223 |
| 100 | 1 |
_aGoings, Henry, _db. ca. 1810. |
|
| 245 | 1 | 0 |
_aRambles of a runaway from southern slavery _h[electronic resource] / _cHenry Goings ; edited by Calvin Schermerhorn, Michael Plunkett, and Edward Gaynor. |
| 260 |
_aCharlottesville : _bUniversity of Virginia Press, _c2012. |
||
| 300 |
_axxxvi, 157 p. : _bmaps. |
||
| 490 | 1 | _aCarter G. Woodson Institute series | |
| 504 | _aIncludes bibliographical references and index. | ||
| 533 |
_aElectronic reproduction. _bPalo Alto, Calif. : _cebrary, _d2013. _nAvailable via World Wide Web. _nAccess may be limited to ebrary affiliated libraries. |
||
| 600 | 1 | 0 |
_aGoings, Henry, _db. ca. 1810. |
| 650 | 0 |
_aSlaves _zUnited States _vBiography. |
|
| 650 | 0 |
_aFreedmen _zUnited States _vBiography. |
|
| 650 | 0 |
_aAfrican Americans _zCanada _vBiography. |
|
| 650 | 0 |
_aSlave narratives _zUnited States. |
|
| 650 | 0 |
_aSlaves _zUnited States _xSocial conditions _y19th century. |
|
| 650 | 0 |
_aAfrican Americans _xSocial conditions _y19th century. |
|
| 655 | 7 |
_aElectronic books. _2local |
|
| 700 | 1 |
_aSchermerhorn, Calvin, _d1975- |
|
| 700 | 1 |
_aPlunkett, Michael, _d1942- |
|
| 700 | 1 |
_aGaynor, Edward, _d1959- |
|
| 710 | 2 | _aebrary, Inc. | |
| 830 | 0 | _aCarter G. Woodson Institute series. | |
| 856 | 4 | 0 |
_uhttp://site.ebrary.com/lib/rucke/Doc?id=10557861 _zAn electronic book accessible through the World Wide Web; click to view |
| 999 |
_c190586 _d190586 |
||